| 000 | 01448cam a2200253 4500500 | ||
|---|---|---|---|
| 005 | 20260405004206.0 | ||
| 041 | _afre | ||
| 042 | _adc | ||
| 100 | 1 | 0 |
_aFerreri, Roger _eauthor |
| 245 | 0 | 0 | _aSavoir du pouvoir : néolibéralisme et traitement de masse de nos marges |
| 260 | _c2026. | ||
| 500 | _a41 | ||
| 520 | _aLe traitement de masse des autistes ne relève pas d’un débat sur les différentes offres thérapeutiques. De nouveaux outils techniques ont permis la gestion mondialisée de nos échanges en valeur. Les États nations sont devenus des États intendances contraints de délaisser la fiction de la « Raison » pour imposer un réel mondialisé de la « Norme ». Les marges doivent s’y soumettre pour authentifier que ce réel de la norme vaut pour tous : soit rien de moins que le négationnisme de l’individuel. En son temps, la psychanalyse avait ouvert la politique aux limites d’une science de la conscience, à elle de s’en souvenir face à la montée des normes. | ||
| 690 | _aautisme | ||
| 690 | _afolie | ||
| 690 | _amarges | ||
| 690 | _anéo-sujet | ||
| 690 | _anéolibéralisme | ||
| 690 | _apolitique de soins | ||
| 690 | _aPsychanalyse | ||
| 690 | _atraitement de masse | ||
| 786 | 0 | _nVST - Vie sociale et traitements | 169 | 1 | 2026-03-18 | p. 28-34 | 0396-8669 | |
| 856 | 4 | 1 | _uhttps://shs.cairn.info/revue-vie-sociale-et-traitements-2026-1-page-28?lang=fr&redirect-ssocas=7080 |
| 999 |
_c2074496 _d2074496 |
||